Catálogo
 En Linea

Dominican Republic investors handbook and business guide. (Registro nro. 31445)

Detalles MARC
000 -CABECERA
campo de control de longitud fija 00799nam a2200205 a 4500
001 - NÚMERO DE CONTROL
campo de control 000031954
005 - FECHA Y HORA DE LA ÚLTIMA TRANSACCIÓN
campo de control 20200930063317.0
008 - DATOS DE LONGITUD FIJA--INFORMACIÓN GENERAL
campo de control de longitud fija 110707s1983 dr abc 000 0 spa d
040 ## - FUENTE DE LA CATALOGACIÓN
Centro catalogador/agencia de origen DO-SdBNP
Lengua de catalogación spa
Centro/agencia transcriptor BNPHU
082 ## - NÚMERO DE LA CLASIFICACIÓN DECIMAL DEWEY
Número de clasificación R332.67314
Número de documento/Ítem A512d
110 2# - ENTRADA PRINCIPAL--NOMBRE DE ENTIDAD CORPORATIVA
Nombre de entidad corporativa o nombre de jurisdicción como elemento de entrada American Chamber of Commerce of the Dominican Republic.
9 (RLIN) 58119
245 10 - MENCIÓN DE TÍTULO
Título Dominican Republic investors handbook and business guide.
260 ## - PUBLICACIÓN, DISTRIBUCIÓN, ETC.
Lugar de publicación, distribución, etc. [Santo Domingo :
Nombre del editor, distribuidor, etc. Cámara Americana de Comercio de la República Dominicana.,
Fecha de publicación, distribución, etc. 1983].
300 ## - DESCRIPCIÓN FÍSICA
Extensión 250 p. :
Otras características físicas il., mapas, retrs. ;
Dimensiones 23 cm.
546 ## - NOTA DE LENGUA/LENGUAJE
Nota de lengua/lenguaje Texto en inglés.
590 ## - NOTA LOCAL (RLIN)
Nota local Inventariado, 2018/MFF
650 #4 - PUNTO DE ACCESO ADICIONAL DE MATERIA--TÉRMINO DE MATERIA
Término de materia o nombre geográfico como elemento de entrada Capitalistas
Subdivisión geográfica República Dominicana
Subdivisión general Manuales
9 (RLIN) 58120
650 #4 - PUNTO DE ACCESO ADICIONAL DE MATERIA--TÉRMINO DE MATERIA
Término de materia o nombre geográfico como elemento de entrada Negociantes
Subdivisión geográfica República Dominicana
Subdivisión general Manuales
9 (RLIN) 58121
910 ## - DATOS DE OPCIÓN DEL USUARIO (OCLC)
Datos de opción del usuario Validado. Control de calidad EMS
Existencias
Estado de retiro Estado de pérdida No para préstamo Código de colección Localización permanente Ubicación/localización actual Ubicación en estantería Fecha de adquisición Número de inventario Total de préstamos Signatura topográfica completa Código de barras Fecha visto por última vez Precio válido a partir de Tipo de ítem Koha
    Excluido de préstamo Patrimonio Dominicano Patrimonio Dominicano Patrimonio Dominicano Depósito 07.07.2011 LF1   R332.67314 A512d 31954-10 25.06.2020 25.06.2020 Libro y Folleto Colección Patrimonio Dominicano

Con tecnología Koha